Score 0/18 Timer 02:00
0 Plays Today
Hint 5-Letter Word % Correct
HandbagPURSE
90.1%
Scorched• BURNT •
89.1%
Autumn apple drinkCIDER
88.6%
SeniorELDER
76.1%
An oft-beFUDDled wabbit hunterELMER
73.7%
ExplodeBURST
73%
ProgrammerCODER
72.2%
Soft downEIDER
71.6%
Deal with funds, particularly as a college officialBURSE
70.1%
Hint 5-Letter Word % Correct
Small peeling knifePARER
61.1%
Less adulteratedPURER
61%
Mash to a pulpPUREE
59.5%
One who manages to deal with thingsCOPER
58.1%
Airplane material?PAPER
56.5%
Fire remnantEMBER
55.5%
Heist, in a wayCAPER
51.1%
Ancient type of wheatEMMER
45.9%
With Rung 1, shade of brown• UMBER •
41.8%

Today's Daily Dose

Remove Ads.
Support Sporcle.
Get the best of Sporcle when you Go Orange. This ad-free experience offers more features, more stats, and more fun while also helping to support Sporcle. Thank you for becoming a member.

You're not logged in!

Compare scores with friends on all Sporcle quizzes.
OR
Log In

Show Comments

Extras

Top Quizzes Today


Score Distribution

Your Account Isn't Verified!

In order to create a playlist on Sporcle, you need to verify the email address you used during registration. Go to your Sporcle Settings to finish the process.

Report this User

Report this user for behavior that violates our Community Guidelines.

Details: